[Event "Top 12 Feminin Groupe B"]
[Site "Juvisy sur Orge"]
[Date "2018.05.05"]
[Round "1.1"]
[White "Javakhishvili, Lela"]
[Black "Paehtz, Elisabeth"]
[Result "1/2-1/2"]
[WhiteElo "2471"]
[BlackElo "2475"]
[PlyCount "93"]
[EventDate "2018.05.05"]



1. d4 {[%clk 1:30:56]} d5 {[%clk 1:30:56]} 2. c4 {[%clk 1:31:15]} c6
{[%clk 1:31:23]} 3. Nf3 {[%clk 1:31:33]} Nf6 {[%clk 1:31:47]} 4. Qc2
{[%clk 1:31:42]} dxc4 {[%clk 1:29:32]} 5. Qxc4 {[%clk 1:32:04]} Bf5
{[%clk 1:29:48]} 6. g3 {[%clk 1:32:21]} e6 {[%clk 1:29:45]} 7. Bg2
{[%clk 1:32:46]} Be7 {[%clk 1:28:47]} 8. O-O {[%clk 1:33:08]} O-O
{[%clk 1:29:10]} 9. e3 {[%clk 1:30:23]} Nbd7 {[%clk 1:28:09]} 10. Rd1
{[%clk 1:30:43]} Rc8 {[%clk 1:27:30]} 11. Qe2 {[%clk 1:30:54]} Ne4
{[%clk 1:27:22]} 12. Nc3 {[%clk 1:29:43]} Nxc3 {[%clk 1:27:44]} 13. bxc3
{[%clk 1:30:11]} Be4 {[%clk 1:27:47]} 14. c4 {[%clk 1:23:19]} Qa5
{[%clk 1:07:44]} 15. a4 {[%clk 1:11:07]} Qa6 {[%clk 0:57:54]} 16. a5
{[%clk 1:04:47]} Rfd8 {[%clk 0:54:29]} 17. Bf1 {[%clk 0:58:41]} c5
{[%clk 0:53:28]} 18. Bb2 {[%clk 0:58:00]} Bf6 {[%clk 0:50:02]} 19. Nd2
{[%clk 0:56:46]} Bc2 {[%clk 0:47:57]} 20. Rdc1 {[%clk 0:56:59]} Bg6
{[%clk 0:47:33]} 21. Nb3 {[%clk 0:55:28]} Qc6 {[%clk 0:38:06]} 22. Rd1
{[%clk 0:49:40]} cxd4 {[%clk 0:35:49]} 23. exd4 {[%clk 0:44:00]} Re8
{[%clk 0:28:54]} 24. Rdc1 {[%clk 0:41:06]} Qd6 {[%clk 0:27:00]} 25. Ba3
{[%clk 0:37:41]} Qc7 {[%clk 0:25:58]} 26. Bb2 {[%clk 0:31:43]} Nb8
{[%clk 0:22:40]} 27. Bg2 {[%clk 0:31:45]} Nc6 {[%clk 0:19:34]} 28. Bc3
{[%clk 0:21:57]} Rcd8 {[%clk 0:16:14]} 29. Qb2 {[%clk 0:20:31]} b6
{[%clk 0:14:16]} 30. axb6 {[%clk 0:19:11]} axb6 {[%clk 0:10:31]} 31. Rd1
{[%clk 0:16:14]} Ne7 {[%clk 0:10:09]} 32. Nd2 {[%clk 0:13:43]} Nc8
{[%clk 0:07:09]} 33. Rac1 {[%clk 0:11:04]} h5 {[%clk 0:05:08]} 34. d5
{[%clk 0:09:57]} Bxc3 {[%clk 0:05:33]} 35. Qxc3 {[%clk 0:08:58]} exd5
{[%clk 0:03:47]} 36. cxd5 {[%clk 0:09:22]} Qe7 {[%clk 0:02:43]} 37. Nc4
{[%clk 0:09:03]} Qc5 {[%clk 0:01:53]} 38. Ne3 {[%clk 0:08:57]} Qxc3
{[%clk 0:01:35]} 39. Rxc3 {[%clk 0:09:25]} Nd6 {[%clk 0:02:00]} 40. Rc6
{[%clk 0:06:36]} b5 {[%clk 0:02:23]} 41. Rb6 {[%clk 0:05:53]} Nc4
{[%clk 0:01:34]} 42. Rxb5 {[%clk 0:04:40]} Nxe3 {[%clk 0:02:02]} 43. fxe3
{[%clk 0:05:06]} Rxe3 {[%clk 0:02:28]} 44. d6 {[%clk 0:04:00]} Rd3
{[%clk 0:02:53]} 45. Rxd3 {[%clk 0:03:53]} Bxd3 {[%clk 0:03:20]} 46. Rxh5
{[%clk 0:04:15]} Rxd6 {[%clk 0:03:46]} 47. Rd5 {[%clk 0:04:40]} 1/2-1/2

[Event "Top 12 Feminin Groupe B"]
[Site "Juvisy sur Orge"]
[Date "2018.05.05"]
[Round "1.2"]
[White "Haussernot, Cecile"]
[Black "Maisuradze, Nino"]
[Result "0-1"]
[WhiteElo "2189"]
[BlackElo "2172"]
[PlyCount "78"]
[EventDate "2018.05.05"]

1. e4 {[%clk 1:30:57]} g6 {[%clk 1:30:02]} 2. d4 {[%clk 1:31:18]} Bg7
{[%clk 1:30:29]} 3. Nc3 {[%clk 1:31:45]} d6 {[%clk 1:30:54]} 4. Be3
{[%clk 1:31:30]} Nf6 {[%clk 1:30:32]} 5. h3 {[%clk 1:31:48]} O-O {[%clk 1:30:52]}
6. Qd2 {[%clk 1:30:50]} a6 {[%clk 1:30:09]} 7. Bd3 {[%clk 1:30:46]} b5
{[%clk 1:30:25]} 8. g4 {[%clk 1:29:39]} Bb7 {[%clk 1:26:52]} 9. f3
{[%clk 1:27:43]} Nbd7 {[%clk 1:23:25]} 10. Nge2 {[%clk 1:24:43]} c5
{[%clk 1:23:03]} 11. Ng3 {[%clk 1:24:31]} Rc8 {[%clk 1:01:55]} 12. Bh6
{[%clk 1:18:08]} cxd4 {[%clk 1:00:03]} 13. Nce2 {[%clk 1:18:30]} e5
{[%clk 0:51:12]} 14. h4 {[%clk 1:15:26]} Bxh6 {[%clk 0:40:17]} 15. Qxh6
{[%clk 1:15:49]} Qa5+ {[%clk 0:38:39]} 16. Kf2 {[%clk 1:14:35]} Kh8
{[%clk 0:38:48]} 17. h5 {[%clk 1:13:46]} Ng8 {[%clk 0:38:20]} 18. Qg5
{[%clk 1:13:56]} Ngf6 {[%clk 0:24:26]} 19. hxg6 {[%clk 1:13:35]} fxg6
{[%clk 0:23:42]} 20. Qxg6 {[%clk 1:09:15]} Rg8 {[%clk 0:17:42]} 21. Qf5
{[%clk 1:08:51]} Rcf8 {[%clk 0:15:31]} 22. Kg2 {[%clk 1:07:39]} Nc5
{[%clk 0:14:42]} 23. Rh6 {[%clk 0:42:50]} Bc8 {[%clk 0:12:02]} 24. Qxf6+
{[%clk 0:43:09]} Rxf6 {[%clk 0:12:30]} 25. Rxf6 {[%clk 0:43:33]} Qd2
{[%clk 0:08:36]} 26. Rh1 {[%clk 0:43:28]} Ne6 {[%clk 0:06:03]} 27. Nh5
{[%clk 0:43:04]} Rf8 {[%clk 0:02:29]} 28. Rxf8+ {[%clk 0:43:11]} Nxf8
{[%clk 0:02:58]} 29. Nf6 {[%clk 0:42:36]} Be6 {[%clk 0:01:28]} 30. b3
{[%clk 0:42:17]} Qg5 {[%clk 0:01:09]} 31. Nd5 {[%clk 0:42:45]} Ng6
{[%clk 0:01:07]} 32. Rh5 {[%clk 0:42:56]} Qd8 {[%clk 0:00:39]} 33. g5
{[%clk 0:41:00]} Bxd5 {[%clk 0:00:44]} 34. exd5 {[%clk 0:41:28]} Kg7
{[%clk 0:01:07]} 35. Kf2 {[%clk 0:41:24]} Qf8 {[%clk 0:00:33]} 36. Ng3
{[%clk 0:41:50]} Qf4 {[%clk 0:00:36]} 37. Nf5+ {[%clk 0:42:18]} Kg8
{[%clk 0:00:44]} 38. Nxd6 {[%clk 0:42:00]} Qe3+ {[%clk 0:00:58]} 39. Kg3
{[%clk 0:41:08]} Qg1+ {[%clk 0:01:26]} 0-1

[Event "Top 12 Feminin Groupe B"]
[Site "Juvisy sur Orge"]
[Date "2018.05.05"]
[Round "1.3"]
[White "Bellahcene, Meriem"]
[Black "Richard, Emma"]
[Result "0-1"]
[WhiteElo "1895"]
[BlackElo "2122"]
[PlyCount "60"]
[EventDate "2018.05.05"]



1. e4 {[%clk 1:30:57]} c5 {[%clk 1:30:53]} 2. Nc3 {[%clk 1:31:15]} Nc6
{[%clk 1:31:17]} 3. f4 {[%clk 1:31:31]} e6 {[%clk 1:31:39]} 4. Nf3
{[%clk 1:31:45]} a6 {[%clk 1:31:40]} 5. g3 {[%clk 1:31:56]} d5 {[%clk 1:27:40]}
6. d3 {[%clk 1:31:52]} b5 {[%clk 1:25:03]} 7. e5 {[%clk 1:30:42]} Be7
{[%clk 1:13:52]} 8. Bg2 {[%clk 1:29:30]} h5 {[%clk 1:10:24]} 9. h3
{[%clk 1:24:29]} Nh6 {[%clk 1:08:54]} 10. O-O {[%clk 1:22:31]} Nf5
{[%clk 1:09:00]} 11. Qe1 {[%clk 1:18:03]} Bb7 {[%clk 0:56:18]} 12. Nd1
{[%clk 1:07:22]} Qb6 {[%clk 0:42:26]} 13. Kh2 {[%clk 1:05:07]} Nb4
{[%clk 0:38:18]} 14. Qf2 {[%clk 1:00:41]} d4 {[%clk 0:36:20]} 15. a4
{[%clk 0:52:40]} Rc8 {[%clk 0:24:43]} 16. Ne1 {[%clk 0:45:24]} Nd5
{[%clk 0:20:54]} 17. c4 {[%clk 0:38:53]} bxc4 {[%clk 0:19:05]} 18. dxc4
{[%clk 0:39:08]} Nb4 {[%clk 0:18:29]} 19. a5 {[%clk 0:35:33]} Qc7
{[%clk 0:18:16]} 20. Bd2 {[%clk 0:34:35]} Bxg2 {[%clk 0:16:35]} 21. Qxg2
{[%clk 0:33:18]} Nc6 {[%clk 0:16:19]} 22. Nd3 {[%clk 0:31:40]} Rh6
{[%clk 0:10:52]} 23. Qf3 {[%clk 0:28:41]} Rb8 {[%clk 0:09:32]} 24. N1f2
{[%clk 0:19:28]} Rb3 {[%clk 0:06:06]} 25. Qd1 {[%clk 0:19:20]} Qb7
{[%clk 0:05:42]} 26. Rg1 {[%clk 0:16:47]} Ne3 {[%clk 0:03:58]} 27. Bxe3
{[%clk 0:13:24]} dxe3 {[%clk 0:04:24]} 28. Ne4 {[%clk 0:13:38]} Nd4
{[%clk 0:03:51]} 29. Ndxc5 {[%clk 0:07:34]} Bxc5 {[%clk 0:04:10]} 30. Nxc5
{[%clk 0:07:43]} Rxb2+ {[%clk 0:04:29]} 0-1

[Event "Top 12 Feminin Groupe B"]
[Site "Juvisy sur Orge"]
[Date "2018.05.05"]
[Round "1.4"]
[White "Neuhauser, Salome"]
[Black "Fischer, Julie"]
[Result "0-1"]
[WhiteElo "2125"]
[BlackElo "1983"]
[PlyCount "34"]
[EventDate "2018.05.05"]



1. e4 {[%clk 1:30:57]} c5 {[%clk 1:30:55]} 2. Nf3 {[%clk 1:31:23]} Nc6
{[%clk 1:31:19]} 3. Bb5 {[%clk 1:31:49]} g6 {[%clk 1:31:37]} 4. Bxc6
{[%clk 1:32:14]} bxc6 {[%clk 1:31:58]} 5. O-O {[%clk 1:27:58]} Bg7
{[%clk 1:32:07]} 6. Re1 {[%clk 1:26:37]} Nf6 {[%clk 1:31:51]} 7. e5
{[%clk 1:23:40]} Nd5 {[%clk 1:31:20]} 8. d4 {[%clk 1:21:56]} cxd4
{[%clk 1:29:14]} 9. Qxd4 {[%clk 1:18:34]} O-O {[%clk 1:26:32]} 10. Qh4
{[%clk 1:10:21]} f6 {[%clk 1:15:59]} 11. Bh6 {[%clk 0:56:00]} g5 {[%clk 1:10:29]}
12. Nxg5 {[%clk 0:43:50]} Bxh6 {[%clk 1:08:03]} 13. Qxh6 {[%clk 0:32:54]} fxg5
{[%clk 1:08:26]} 14. Nd2 {[%clk 0:28:07]} Rf5 {[%clk 1:03:06]} 15. g4
{[%clk 0:23:06]} Qf8 {[%clk 1:02:10]} 16. Qh3 {[%clk 0:21:14]} Rf4
{[%clk 0:57:20]} 17. Qh5 {[%clk 0:09:26]} Qg7 {[%clk 0:52:27]} 0-1

[Event "Top 12 Feminin Groupe B"]
[Site "Juvisy sur Orge"]
[Date "2018.05.05"]
[Round "1.5"]
[White "Genova, Lyubka"]
[Black "Legrand, Claire"]
[Result "1-0"]
[WhiteElo "2202"]
[BlackElo "1737"]
[PlyCount "53"]
[EventDate "2018.05.05"]



1. e4 {[%clk 1:30:56]} c5 {[%clk 1:30:54]} 2. Nf3 {[%clk 1:31:18]} a6
{[%clk 1:30:55]} 3. c4 {[%clk 1:30:01]} Nc6 {[%clk 1:29:55]} 4. Nc3
{[%clk 1:30:10]} e5 {[%clk 1:28:12]} 5. g3 {[%clk 1:30:17]} Nf6 {[%clk 1:26:37]}
6. Bg2 {[%clk 1:27:14]} Be7 {[%clk 1:24:56]} 7. d3 {[%clk 1:26:54]} d6
{[%clk 1:24:54]} 8. O-O {[%clk 1:23:02]} O-O {[%clk 1:24:32]} 9. h3
{[%clk 1:22:07]} Be6 {[%clk 1:24:16]} 10. Ne1 {[%clk 1:20:53]} Qd7
{[%clk 1:22:39]} 11. Kh2 {[%clk 1:19:25]} Ne8 {[%clk 1:20:06]} 12. Nd5
{[%clk 1:10:55]} Bd8 {[%clk 1:18:57]} 13. f4 {[%clk 1:09:18]} f5 {[%clk 1:17:50]}
14. Nf3 {[%clk 1:06:57]} Nd4 {[%clk 1:12:56]} 15. Be3 {[%clk 1:01:48]} b5
{[%clk 1:05:59]} 16. b3 {[%clk 0:47:59]} Rc8 {[%clk 0:55:28]} 17. Rc1
{[%clk 0:39:06]} h6 {[%clk 0:53:05]} 18. fxe5 {[%clk 0:37:37]} Nxf3+
{[%clk 0:53:00]} 19. Qxf3 {[%clk 0:37:47]} dxe5 {[%clk 0:52:30]} 20. Qf2
{[%clk 0:28:56]} Qd6 {[%clk 0:52:00]} 21. cxb5 {[%clk 0:21:23]} fxe4
{[%clk 0:50:52]} 22. Qxf8+ {[%clk 0:21:12]} Qxf8 {[%clk 0:51:11]} 23. Rxf8+
{[%clk 0:21:38]} Kxf8 {[%clk 0:51:34]} 24. Bxe4 {[%clk 0:18:14]} Bxd5
{[%clk 0:50:17]} 25. Bxd5 {[%clk 0:18:35]} Nd6 {[%clk 0:47:09]} 26. Bxc5
{[%clk 0:17:41]} Be7 {[%clk 0:46:04]} 27. bxa6 {[%clk 0:17:43]} 1-0

[Event "Top 12 Feminin Groupe B"]
[Site "Juvisy sur Orge"]
[Date "2018.05.05"]
[Round "1.6"]
[White "Legrand, Francoise"]
[Black "Bismuth, Lea"]
[Result "0-1"]
[WhiteElo "1520"]
[BlackElo "1937"]
[PlyCount "58"]
[EventDate "2018.05.05"]



1. e4 {[%clk 1:30:47]} g6 {[%clk 1:30:55]} 2. d4 {[%clk 1:30:56]} Bg7
{[%clk 1:31:22]} 3. f4 {[%clk 1:30:22]} d6 {[%clk 1:30:29]} 4. Nf3
{[%clk 1:27:17]} c5 {[%clk 1:28:43]} 5. dxc5 {[%clk 1:21:41]} Qa5+
{[%clk 1:28:41]} 6. c3 {[%clk 1:21:48]} Qxc5 {[%clk 1:28:28]} 7. Qc2
{[%clk 1:18:52]} Nf6 {[%clk 1:23:11]} 8. Nbd2 {[%clk 1:17:23]} Qe3+
{[%clk 1:12:44]} 9. Be2 {[%clk 1:17:31]} Ng4 {[%clk 1:04:11]} 10. Rf1
{[%clk 1:16:38]} Nxh2 {[%clk 1:02:58]} 11. Nc4 {[%clk 1:09:02]} Nxf3+
{[%clk 1:02:34]} 12. gxf3 {[%clk 1:08:48]} Qc5 {[%clk 1:02:46]} 13. Be3
{[%clk 1:06:35]} Qc7 {[%clk 1:01:49]} 14. O-O-O {[%clk 0:59:24]} Be6
{[%clk 0:59:53]} 15. Qa4+ {[%clk 0:54:46]} Bd7 {[%clk 0:59:29]} 16. Qa3
{[%clk 0:50:54]} Na6 {[%clk 0:57:01]} 17. Bd3 {[%clk 0:41:32]} Nc5
{[%clk 0:53:05]} 18. Be2 {[%clk 0:38:05]} O-O {[%clk 0:46:49]} 19. e5
{[%clk 0:37:35]} Rfe8 {[%clk 0:38:42]} 20. Bd4 {[%clk 0:31:59]} Bf5
{[%clk 0:29:38]} 21. Ne3 {[%clk 0:28:42]} Bd7 {[%clk 0:26:45]} 22. exd6
{[%clk 0:20:17]} exd6 {[%clk 0:26:40]} 23. Nd5 {[%clk 0:19:51]} Qc6
{[%clk 0:23:55]} 24. Bxg7 {[%clk 0:19:54]} Rxe2 {[%clk 0:20:54]} 25. Bf6
{[%clk 0:16:41]} Rae8 {[%clk 0:09:51]} 26. c4 {[%clk 0:12:09]} Bf5
{[%clk 0:09:26]} 27. Rd2 {[%clk 0:09:09]} Nd3+ {[%clk 0:06:20]} 28. Rxd3
{[%clk 0:08:27]} Qxc4+ {[%clk 0:06:42]} 29. Qc3 {[%clk 0:08:12]} Bxd3
{[%clk 0:04:35]} 0-1

[Event "Top 12 Feminin Groupe B"]
[Site "Juvisy sur Orge"]
[Date "2018.05.06"]
[Round "2.1"]
[White "Paehtz, Elisabeth"]
[Black "Genova, Lyubka"]
[Result "1-0"]
[WhiteElo "2475"]
[BlackElo "2202"]
[PlyCount "55"]
[EventDate "2018.05.06"]

1. e4 {[%clk 1:30:58]} c5 {[%clk 1:30:54]} 2. Nf3 {[%clk 1:31:26]} e6
{[%clk 1:31:16]} 3. d4 {[%clk 1:31:53]} cxd4 {[%clk 1:31:41]} 4. Nxd4
{[%clk 1:32:20]} Nc6 {[%clk 1:32:05]} 5. Nc3 {[%clk 1:32:48]} Qc7
{[%clk 1:32:28]} 6. f4 {[%clk 1:33:13]} a6 {[%clk 1:32:15]} 7. Nxc6
{[%clk 1:33:40]} bxc6 {[%clk 1:31:05]} 8. Bd3 {[%clk 1:33:48]} d5
{[%clk 1:31:11]} 9. O-O {[%clk 1:34:06]} Nf6 {[%clk 1:30:04]} 10. Qf3
{[%clk 1:33:22]} Be7 {[%clk 1:25:59]} 11. Kh1 {[%clk 1:31:01]} h5
{[%clk 1:24:14]} 12. Bd2 {[%clk 1:24:39]} Ng4 {[%clk 1:13:32]} 13. Rae1
{[%clk 1:21:29]} Rb8 {[%clk 1:10:32]} 14. b3 {[%clk 1:20:06]} Bb7
{[%clk 1:02:40]} 15. Qe2 {[%clk 1:14:47]} dxe4 {[%clk 0:34:58]} 16. Nxe4
{[%clk 1:13:50]} a5 {[%clk 0:33:08]} 17. Bc3 Kf8 {[%clk 0:32:51]} 18. h3
{[%clk 1:06:50]} Qb6 {[%clk 0:31:22]} 19. Qd2 Ra8 20. f5 {[%clk 0:39:12]} e5
{[%clk 0:29:18]} 21. Bc4 {[%clk 0:37:57]} Rh6 {[%clk 0:14:23]} 22. f6
{[%clk 0:34:53]} Nxf6 {[%clk 0:12:44]} 23. Nxf6 {[%clk 0:35:17]} Rxf6
{[%clk 0:05:05]} 24. Rxf6 {[%clk 0:26:43]} gxf6 {[%clk 0:05:20]} 25. Qh6+
{[%clk 0:27:09]} Ke8 {[%clk 0:05:45]} 26. Qxh5 {[%clk 0:27:27]} Kd8
{[%clk 0:04:10]} 27. Rd1+ {[%clk 0:27:21]} Kc7 {[%clk 0:04:34]} 28. Bxe5+
{[%clk 0:27:35]} 1-0

[Event "Top 12 Feminin Groupe B"]
[Site "Juvisy sur Orge"]
[Date "2018.05.06"]
[Round "2.2"]
[White "Bismuth, Lea"]
[Black "Choisy, Mathilde"]
[Result "1-0"]
[WhiteElo "1937"]
[BlackElo "2158"]
[PlyCount "10"]
[EventDate "2018.05.06"]

1. Nc3 {[%clk 1:30:56]} c5 {[%clk 1:30:44]} 2. Nf3 {[%clk 1:31:20]} Nc6
{[%clk 1:28:36]} 3. d4 {[%clk 1:30:53]} cxd4 {[%clk 1:28:30]} 4. Nxd4
{[%clk 1:31:15]} Nf6 {[%clk 1:26:31]} 5. Nxc6 {[%clk 1:23:22]} bxc6
{[%clk 1:26:43]} 6. g3 {[%clk 1:23:24]} e5 {[%clk 1:17:53]} 7. Bg2
{[%clk 1:20:26]} d5 {[%clk 1:17:17]} 8. O-O {[%clk 1:19:29]} Be6 {[%clk 1:13:15]}
9. Na4 {[%clk 1:18:00]} Qd7 {[%clk 1:05:49]} 10. Be3 {[%clk 1:09:46]} h5
{[%clk 0:50:02]} 11. Nc5 {[%clk 0:59:55]} Bxc5 {[%clk 0:50:02]} 12. Bxc5
{[%clk 0:59:55]} h4 {[%clk 0:50:02]} 13. f3 {[%clk 0:59:55]} hxg3
{[%clk 0:50:02]} 14. hxg3 {[%clk 0:59:55]} Bh3 {[%clk 0:50:02]} 15. Rf2
{[%clk 0:59:55]} Nh5 {[%clk 0:50:02]} 16. Qd2 {[%clk 0:59:55]} f6
{[%clk 0:50:02]} 17. Qd3 {[%clk 0:59:55]} Kf7 {[%clk 0:50:02]} 18. e4
{[%clk 0:59:55]} Nxg3 {[%clk 0:50:02]} 19. exd5 {[%clk 0:59:55]} Qxd5
{[%clk 0:50:02]} 20. Qxd5+ {[%clk 0:59:55]} cxd5 {[%clk 0:50:02]} 21. Rd1
{[%clk 0:59:55]} d4 {[%clk 0:50:02]} 22. c3 {[%clk 0:59:55]} Bxg2
{[%clk 0:50:02]} 23. Kxg2 {[%clk 0:59:55]} Nf5 {[%clk 0:50:02]} 24. Rd3
{[%clk 0:59:55]} Rh4 {[%clk 0:50:02]} 25. cxd4 {[%clk 0:59:55]} exd4
{[%clk 0:50:02]} 26. f4 {[%clk 0:59:55]} Ne3+ {[%clk 0:50:02]} 27. Kf3
{[%clk 0:59:55]} Re8 {[%clk 0:50:02]} 28. Rfd2 {[%clk 0:59:55]} Rh3+
{[%clk 0:50:02]} 29. Kf2 {[%clk 0:59:55]} Reh8 {[%clk 0:50:02]} 30. Bxd4
{[%clk 0:59:55]} Ng4+ {[%clk 0:50:02]} 31. Kf1 {[%clk 0:59:55]} Rh1+
{[%clk 0:50:02]} 32. Bg1 {[%clk 0:59:55]} Rc8 {[%clk 0:50:02]} 33. Kg2
{[%clk 0:59:55]} Rhh8 {[%clk 0:50:02]} 34. Rd7+ {[%clk 0:59:55]} Kg6
{[%clk 0:50:02]} 35. Rxa7 {[%clk 0:59:55]} Rhe8 {[%clk 0:50:02]} 36. Kf3
{[%clk 0:59:55]} Nh6 {[%clk 0:50:02]} 37. Rg2+ {[%clk 0:59:55]} Kf5
{[%clk 0:50:02]} 38. Rgxg7 {[%clk 0:59:55]} Rc1 {[%clk 0:50:02]} 39. Ra5+
{[%clk 0:59:55]} Ke6 {[%clk 0:50:02]} 40. Be3 {[%clk 0:59:55]} Nf5
{[%clk 0:50:02]} 41. Ra6+ {[%clk 0:59:55]} 1-0

[Event "Top 12 Feminin Groupe B"]
[Site "Juvisy sur Orge"]
[Date "2018.05.06"]
[Round "2.3"]
[White "Richard, Emma"]
[Black "Fortuit, Emilie"]
[Result "1-0]
[WhiteElo "2122"]
[BlackElo "1950"]
[PlyCount "10"]
[EventDate "2018.05.06"]



1. e4 {[%clk 1:30:58]} c5 {[%clk 1:30:55]} 2. Nf3 {[%clk 1:31:24]} Nc6
{[%clk 1:31:19]} 3. Bb5 {[%clk 1:31:48]} g6 {[%clk 1:31:18]} 4. O-O
{[%clk 1:31:52]} Bg7 {[%clk 1:31:19]} 5. c3 {[%clk 1:31:58]} a6 {[%clk 1:27:11]}
6. Ba4 {[%clk 1:32:01]} b5 {[%clk 1:26:54]} 7. Bc2 {[%clk 1:32:24]} Bb7
{[%clk 1:20:10]} 8. d4 {[%clk 1:30:05]} cxd4 {[%clk 1:16:11]} 9. cxd4
{[%clk 1:28:02]} Nb4 {[%clk 1:12:46]} 10. Bb3 {[%clk 1:26:29]} h6
{[%clk 0:52:21]} 11. Nc3 {[%clk 1:18:36]} d5 {[%clk 0:42:38]} 12. e5
{[%clk 0:51:30]} e6 {[%clk 0:41:30]} 13. a4 {[%clk 0:49:02]} Bc6 {[%clk 0:34:50]}
14. Bd2 {[%clk 0:44:49]} Ne7 {[%clk 0:31:36]} 15. Nxb5 {[%clk 8:21:22]} axb5
{[%clk 0:31:02]} 16. Bxb4 {[%clk 0:41:45]} bxa4 {[%clk 0:25:26]} 17. Bxa4
{[%clk 0:41:19]} Bxa4 {[%clk 0:23:53]} 18. Rxa4 {[%clk 0:41:41]} Rc8
{[%clk 0:22:29]} 19. Ra7 {[%clk 0:34:41]} Nc6 {[%clk 0:21:53]} 20. Qa4
{[%clk 0:34:34]} Bf8 {[%clk 0:21:12]} 21. Ba5 {[%clk 0:34:11]} Qe7
{[%clk 0:17:35]} 22. Rxe7+ {[%clk 0:34:30]} Bxe7 {[%clk 0:18:02]} 23. Rc1
{[%clk 0:34:40]} 1-0

[Event "Top 12 Feminin Groupe B"]
[Site "Juvisy sur Orge"]
[Date "2018.05.06"]
[Round "2.4"]
[White "Boutant, Jade"]
[Black "Neuhauser, Salome"]
[Result "0-1"]
[WhiteElo "1718"]
[BlackElo "2125"]
[PlyCount "86"]
[EventDate "2018.05.06"]



1. c4 {[%clk 1:28:48]} Nf6 {[%clk 1:30:50]} 2. Nc3 {[%clk 1:28:59]} g6
{[%clk 1:31:14]} 3. g3 {[%clk 1:29:19]} Bg7 {[%clk 1:31:39]} 4. Bg2
{[%clk 1:29:45]} O-O {[%clk 1:32:04]} 5. d4 {[%clk 1:28:55]} d6 {[%clk 1:30:51]}
6. Nf3 {[%clk 1:28:50]} Re8 {[%clk 1:23:37]} 7. O-O {[%clk 1:23:04]} Nc6
{[%clk 1:19:41]} 8. e3 {[%clk 1:05:36]} e5 {[%clk 1:15:54]} 9. h3
{[%clk 0:52:22]} exd4 {[%clk 1:08:49]} 10. exd4 {[%clk 0:45:39]} Bf5
{[%clk 1:06:33]} 11. Nh4 {[%clk 0:37:18]} Bd7 {[%clk 1:06:33]} 12. Be3
{[%clk 0:36:21]} Qc8 {[%clk 1:01:06]} 13. Kh2 {[%clk 0:31:10]} h6
{[%clk 0:44:40]} 14. Nf3 {[%clk 0:21:19]} Ne7 {[%clk 0:38:01]} 15. g4
{[%clk 0:14:56]} h5 {[%clk 0:28:11]} 16. g5 {[%clk 0:12:28]} Nh7 {[%clk 0:28:36]}
17. Nh4 {[%clk 0:12:00]} Nf5 {[%clk 0:13:14]} 18. Nxf5 {[%clk 0:11:57]} Bxf5
{[%clk 0:13:43]} 19. Qd2 {[%clk 0:11:35]} Nf8 {[%clk 0:12:05]} 20. d5
{[%clk 0:10:07]} Qd8 {[%clk 0:11:17]} 21. f4 {[%clk 0:08:04]} Nd7
{[%clk 0:09:17]} 22. Bd4 {[%clk 0:06:53]} Bf8 {[%clk 0:05:19]} 23. Rae1
{[%clk 0:05:07]} a5 {[%clk 0:03:51]} 24. Nb5 {[%clk 0:04:45]} Rxe1
{[%clk 0:03:48]} 25. Rxe1 {[%clk 0:04:53]} Qc8 {[%clk 0:03:35]} 26. h4
{[%clk 0:03:01]} Nc5 {[%clk 0:02:42]} 27. Re3 {[%clk 0:00:53]} Qd7
{[%clk 0:02:51]} 28. Bf6 {[%clk 0:00:34]} c6 {[%clk 0:02:13]} 29. dxc6
{[%clk 0:00:47]} bxc6 {[%clk 0:02:42]} 30. Nd4 {[%clk 0:01:00]} d5
{[%clk 0:01:59]} 31. Nxf5 {[%clk 0:00:46]} Qxf5 {[%clk 0:02:27]} 32. Be5
{[%clk 0:00:34]} Qg4 {[%clk 0:01:34]} 33. cxd5 {[%clk 0:00:33]} Rd8
{[%clk 0:01:30]} 34. Rh3 {[%clk 0:00:35]} cxd5 {[%clk 0:00:48]} 35. Qxa5
{[%clk 0:00:52]} Ne6 {[%clk 0:00:59]} 36. Qd2 {[%clk 0:00:46]} Bc5
{[%clk 0:00:39]} 37. b4 {[%clk 0:00:51]} Bd6 {[%clk 0:00:49]} 38. Qxd5
{[%clk 0:00:31]} Bxe5 {[%clk 0:01:02]} 39. Qxe5 {[%clk 0:00:36]} Rd2
{[%clk 0:01:02]} 40. Qb8+ {[%clk 0:00:36]} Kh7 {[%clk 0:01:27]} 41. Qb7
{[%clk 0:00:32]} Qxf4+ {[%clk 0:01:49]} 42. Rg3 {[%clk 0:00:31]} Qxh4+
{[%clk 0:02:11]} 43. Rh3 {[%clk 0:00:40]} Qf4+ {[%clk 0:02:40]} 0-1

[Event "Top 12 Feminin Groupe B"]
[Site "Juvisy sur Orge"]
[Date "2018.05.06"]
[Round "2.5"]
[White "L'Ami, Alina"]
[Black "Javakhishvili, Lela"]
[Result "0-1"]
[WhiteElo "2297"]
[BlackElo "2471"]
[PlyCount "94"]
[EventDate "2018.05.06"]

1. d4 {[%clk 1:30:55]} d5 {[%clk 1:30:38]} 2. c4 {[%clk 1:31:19]} e6
{[%clk 1:31:03]} 3. Nf3 {[%clk 1:31:43]} a6 {[%clk 1:30:17]} 4. e3
{[%clk 1:23:23]} Nf6 {[%clk 1:30:36]} 5. Nc3 {[%clk 1:23:27]} Be7
{[%clk 1:28:09]} 6. b3 {[%clk 1:20:23]} O-O {[%clk 1:27:39]} 7. Bb2
{[%clk 1:17:23]} b6 {[%clk 1:27:58]} 8. Be2 {[%clk 1:11:37]} Bb7 {[%clk 1:28:07]}
9. O-O {[%clk 1:11:32]} Nbd7 {[%clk 1:26:21]} 10. Qc2 {[%clk 1:07:02]} Bd6
{[%clk 1:19:30]} 11. Rfd1 {[%clk 1:04:10]} Qe7 {[%clk 1:19:28]} 12. Rac1
{[%clk 0:59:02]} Rac8 {[%clk 1:14:59]} 13. Qb1 {[%clk 0:52:38]} Rfe8
{[%clk 1:09:37]} 14. Nd2 {[%clk 0:48:36]} c5 {[%clk 1:04:18]} 15. dxc5
{[%clk 0:47:55]} bxc5 {[%clk 1:04:41]} 16. Na4 {[%clk 0:45:24]} Bb8
{[%clk 0:50:17]} 17. Qa1 {[%clk 0:34:04]} Red8 {[%clk 0:47:35]} 18. Bf3
{[%clk 0:28:58]} Bc6 {[%clk 0:42:48]} 19. Bc3 {[%clk 0:25:44]} Ba7
{[%clk 0:39:48]} 20. Be2 {[%clk 0:20:58]} Bb7 {[%clk 0:35:09]} 21. Nf3
{[%clk 0:18:05]} Ne4 {[%clk 0:24:13]} 22. cxd5 {[%clk 0:15:34]} exd5
{[%clk 0:24:07]} 23. Bxg7 {[%clk 0:15:33]} Rc6 {[%clk 0:17:23]} 24. Ne5
{[%clk 0:09:26]} Nxe5 {[%clk 0:13:08]} 25. Bxe5 {[%clk 0:09:48]} Re8
{[%clk 0:07:55]} 26. Bf4 {[%clk 0:09:21]} d4 {[%clk 0:08:18]} 27. Bf3
{[%clk 0:07:49]} Rg6 {[%clk 0:08:24]} 28. b4 {[%clk 0:02:59]} Nc3
{[%clk 0:06:19]} 29. Nxc3 {[%clk 0:01:37]} Bxf3 {[%clk 0:06:36]} 30. Bg3
{[%clk 0:01:52]} Bxd1 {[%clk 0:05:08]} 31. Nxd1 {[%clk 0:02:13]} h5
{[%clk 0:03:51]} 32. h3 {[%clk 0:02:06]} h4 {[%clk 0:02:37]} 33. Bf4
{[%clk 0:02:21]} Qe4 {[%clk 0:02:34]} 34. f3 {[%clk 0:01:08]} Qxf3
{[%clk 0:02:54]} 35. Qb2 {[%clk 0:01:29]} dxe3 {[%clk 0:02:41]} 36. Bxe3
{[%clk 0:01:41]} Rxe3 {[%clk 0:02:01]} 37. Nxe3 {[%clk 0:02:04]} Qxe3+
{[%clk 0:02:03]} 38. Kh1 {[%clk 0:02:33]} c4 {[%clk 0:01:56]} 39. Qc2
{[%clk 0:02:11]} Rg3 {[%clk 0:01:11]} 40. Rd1 {[%clk 0:01:37]} Bd4
{[%clk 0:00:44]} 41. a4 {[%clk 0:01:17]} Kg7 {[%clk 0:00:33]} 42. b5
{[%clk 0:01:25]} axb5 {[%clk 0:01:02]} 43. axb5 {[%clk 0:01:51]} c3
{[%clk 0:04:53]} 44. Qa2 {[%clk 0:01:10]} Qf2 {[%clk 0:01:30]} 45. Qd5
{[%clk 0:01:02]} c2 {[%clk 0:01:37]} 46. Rc1 {[%clk 0:01:20]} Qe3
{[%clk 0:01:34]} 47. Rf1 {[%clk 0:01:36]} Rxh3+ {[%clk 0:01:32]} 0-1